Excelleren in de zorg

Excelleren in de zorg, deel uit de Skiprreeks, gaat over het bovengemiddeld ondernemen, besturen gericht op innovatie en kwaliteit én het ondernemerschap in de zorg. Aan het woord komen bestuurders met passie voor de zorg, bestuurders met een visie en bestuurders die initiatief nemen en kansen benut...

Πλήρης περιγραφή

Λεπτομέρειες βιβλιογραφικής εγγραφής
Συγγραφή απο Οργανισμό/Αρχή: SpringerLink (Online service)
Άλλοι συγγραφείς: Maagdelijn, E. (Επιμελητής έκδοσης), Sluijs, J.J.M (Επιμελητής έκδοσης), Verkoulen, M. (Επιμελητής έκδοσης)
Μορφή: Ηλεκτρονική πηγή Ηλ. βιβλίο
Γλώσσα:Dutch
Έκδοση: Houten : Bohn Stafleu van Loghum : Imprint: Bohn Stafleu van Loghum, 2011.
Θέματα:
Διαθέσιμο Online:Full Text via HEAL-Link
LEADER 02318nam a22004095i 4500
001 978-90-313-7985-9
003 DE-He213
005 20151128190532.0
007 cr nn 008mamaa
008 151128s2011 ne | s |||| 0|dut d
020 |a 9789031379859  |9 978-90-313-7985-9 
024 7 |a 10.1007/978-90-313-7985-9  |2 doi 
040 |d GrThAP 
050 4 |a R1 
072 7 |a MB  |2 bicssc 
072 7 |a MED000000  |2 bisacsh 
082 0 4 |a 610  |2 23 
245 1 0 |a Excelleren in de zorg  |h [electronic resource] /  |c edited by E. Maagdelijn, J.J.M. Sluijs, M. Verkoulen. 
264 1 |a Houten :  |b Bohn Stafleu van Loghum :  |b Imprint: Bohn Stafleu van Loghum,  |c 2011. 
300 |a 128 p.  |b online resource. 
336 |a text  |b txt  |2 rdacontent 
337 |a computer  |b c  |2 rdamedia 
338 |a online resource  |b cr  |2 rdacarrier 
347 |a text file  |b PDF  |2 rda 
520 |a Excelleren in de zorg, deel uit de Skiprreeks, gaat over het bovengemiddeld ondernemen, besturen gericht op innovatie en kwaliteit én het ondernemerschap in de zorg. Aan het woord komen bestuurders met passie voor de zorg, bestuurders met een visie en bestuurders die initiatief nemen en kansen benutten wanneer deze zich voordoen. Daarnaast vertellen experts en deskundige adviseurs hoe ze de bestuurder bijstaan in het streven naar excellente zorg. Zo ontstaat een totaalbeeld van ondernemen in de zorg aan de hand waarvan de lezer zich kan inleven in de positie van de zorgbestuurder die zich geconfronteerd weet met belangrijke dilemma’s.Excelleren in de zorg gaat in op marktkansen, organisatorische en juridische randvoorwaarden en managementkeuzes. Dit boek is dan ook niet één verhaal, maar een bundeling van ervaringen en praktijkvoorbeelden bij actuele thema’s in de zorg, verdeeld in het drieluik markt, interne organisatie en overheidstoezicht. 
650 0 |a Medicine. 
650 1 4 |a Medicine & Public Health. 
650 2 4 |a Medicine/Public Health, general. 
700 1 |a Maagdelijn, E.  |e editor. 
700 1 |a Sluijs, J.J.M.  |e editor. 
700 1 |a Verkoulen, M.  |e editor. 
710 2 |a SpringerLink (Online service) 
773 0 |t Springer eBooks 
776 0 8 |i Printed edition:  |z 9789031379842 
856 4 0 |u http://dx.doi.org/10.1007/978-90-313-7985-9  |z Full Text via HEAL-Link 
912 |a ZDB-2-SME 
950 |a Medicine (Springer-11650)